The buried book : (Record no. 941)

000 -LEADER
fixed length control field 01718cam a2200409 a 4500
001 - CONTROL NUMBER
control field 14429816
003 - CONTROL NUMBER IDENTIFIER
control field OSt
005 - DATE AND TIME OF LATEST TRANSACTION
control field 20210426105357.0
008 - FIXED-LENGTH DATA ELEMENTS--GENERAL INFORMATION
fixed length control field 060627s2007 nyuab b 001 0 eng
010 ## - LIBRARY OF CONGRESS CONTROL NUMBER
LC control number 2006049523
020 ## - INTERNATIONAL STANDARD BOOK NUMBER
International Standard Book Number 0805080295
020 ## - INTERNATIONAL STANDARD BOOK NUMBER
International Standard Book Number 9780805080292
035 ## - SYSTEM CONTROL NUMBER
System control number (OCoLC)ocm70230776
040 ## - CATALOGING SOURCE
Original cataloging agency DLC
Transcribing agency DLC
Modifying agency BAKER
-- BTCTA
-- C#P
-- DLC
043 ## - GEOGRAPHIC AREA CODE
Geographic area code a-iq---
050 00 - LIBRARY OF CONGRESS CALL NUMBER
Classification number PJ3771.G6
Item number D36 2007
080 ## - UNIVERSAL DECIMAL CLASSIFICATION NUMBER
Universal Decimal Classification number 008
Item number D-17
082 00 - DEWEY DECIMAL CLASSIFICATION NUMBER
Classification number 809/.93353
Edition number 22
100 1# - MAIN ENTRY--PERSONAL NAME
Personal name Damrosch, David.
245 14 - TITLE STATEMENT
Title The buried book :
Remainder of title the loss and rediscovery of the great Epic of Gilgamesh /
Statement of responsibility, etc. David Damrosch.
250 ## - EDITION STATEMENT
Edition statement 1st ed.
260 ## - PUBLICATION, DISTRIBUTION, ETC.
Place of publication, distribution, etc. New York :
Name of publisher, distributor, etc. H. Holt,
Date of publication, distribution, etc. 2007.
300 ## - PHYSICAL DESCRIPTION
Extent xi, 315 p. :
Other physical details ill., map ;
Dimensions 25 cm.
365 ## - TRADE PRICE
Price amount 26.00 usd
504 ## - BIBLIOGRAPHY, ETC. NOTE
Bibliography, etc. note Includes bibliographical references (p. 273-293) and index.
505 0# - FORMATTED CONTENTS NOTE
Formatted contents note The broken tablets -- Early fame and sudden death -- The lost library -- The fortress and the museum -- After Ashurbanipal, the deluge -- At the limits of culture -- The vanishing point.
630 00 - SUBJECT ADDED ENTRY--UNIFORM TITLE
Uniform title Gilgamesh.
650 #0 - SUBJECT ADDED ENTRY--TOPICAL TERM
Topical term or geographic name entry element Assyriology
General subdivision History.
650 #0 - SUBJECT ADDED ENTRY--TOPICAL TERM
Topical term or geographic name entry element History of civilizations
9 (RLIN) 410
653 ## - INDEX TERM--UNCONTROLLED
Uncontrolled term ცივილიზაციების ისტორია
856 42 - ELECTRONIC LOCATION AND ACCESS
Materials specified Contributor biographical information
Uniform Resource Identifier <a href="http://www.loc.gov/catdir/enhancements/fy0665/2006049523-b.html">http://www.loc.gov/catdir/enhancements/fy0665/2006049523-b.html</a>
856 42 - ELECTRONIC LOCATION AND ACCESS
Materials specified Publisher description
Uniform Resource Identifier <a href="http://www.loc.gov/catdir/enhancements/fy0665/2006049523-d.html">http://www.loc.gov/catdir/enhancements/fy0665/2006049523-d.html</a>
856 41 - ELECTRONIC LOCATION AND ACCESS
Materials specified Sample text
Uniform Resource Identifier <a href="http://www.loc.gov/catdir/enhancements/fy1001/2006049523-s.html">http://www.loc.gov/catdir/enhancements/fy1001/2006049523-s.html</a>
906 ## - LOCAL DATA ELEMENT F, LDF (RLIN)
a 7
b cbc
c orignew
d 1
e ocip
f 20
g y-gencatlg
942 ## - ADDED ENTRY ELEMENTS (KOHA)
Source of classification or shelving scheme
Koha item type Books
Edition 1
Holdings
Withdrawn status Lost status Source of classification or shelving scheme Damaged status Not for loan Permanent location Current location Date acquired Inventory number Total Checkouts Full call number Barcode Date last seen Price effective from Koha item type
          Ken Walker International University Ken Walker International University 01/27/2021 2443   008 D-17 2443 01/27/2021 01/27/2021 Books

Powered by Koha